| 000 | 00362nam a2200157Ia 4500 | ||
|---|---|---|---|
| 008 | 230312s9999||||xx |||||||||||||| ||und|| | ||
| 020 | _a8120330153 | ||
| 082 |
_a621.8981 _bROM-O |
||
| 100 | _aRomeiser, Malcolm | ||
| 245 | 0 | _aOptical fibers and RF | |
| 260 |
_bPHI _aNew Delhi _c2004 |
||
| 300 | _a270 | ||
| 546 | _aEng. | ||
| 650 | _aEngineering | ||
| 942 | _cBK | ||
| 999 |
_c1171 _d1171 |
||